00442nam a22001097a 4500008004100000020001800041082001600059100002300075245019400098260003100292300000900323230605b xxu||||| |||| 00| 0 eng d a9780241972786 a320.01bCHO cNaom Chomskyd2015 aNaom ChomskybThere is no living political writer who has more radically changed how more people think in more parts of the world about political issues; GLENN GREENWALDcMasters of Mankind aUSAbHaymarket Booksc2015 a167p